Feminism, Tradition and Change in Contemporary Islam: Negotiating Islamic Law and Gender
| Main Author: | |
|---|---|
| Format: | Unknown |
| LEADER | 00250 a2200085 4500 | ||
|---|---|---|---|
| 020 | |a 9780861548408 | ||
| 100 | |a Shehnaz Haqqani |9 59920 | ||
| 245 | |a Feminism, Tradition and Change in Contemporary Islam: Negotiating Islamic Law and Gender | ||
| 942 | |c BK | ||
| 999 | |c 47660 |d 47660 | ||